Library Logo

دیوان نظیری نیشا بوری / (Record no. 232186)

000 -LEADER
fixed length control field 00487nam a22001697a 4500
003 - CONTROL NUMBER IDENTIFIER
control field BD-DhUL
005 - DATE AND TIME OF LATEST TRANSACTION
control field 20171119153637.0
008 - FIXED-LENGTH DATA ELEMENTS--GENERAL INFORMATION
fixed length control field 171119s1340 xx ||||| |||| 00| 0 per d
040 ## - CATALOGING SOURCE
Original cataloging agency BD-DhUL
Transcribing agency BD-DhUL
082 ## - DEWEY DECIMAL CLASSIFICATION NUMBER
Classification number 891.551
Item number NAD
100 0# - MAIN ENTRY--PERSONAL NAME
Personal name نظیری نیشا بوری
245 0# - TITLE STATEMENT
Title دیوان نظیری نیشا بوری /
Statement of responsibility, etc. نظیری نیشا بوری
260 ## - PUBLICATION, DISTRIBUTION, ETC. (IMPRINT)
Place of publication, distribution, etc. :
Name of publisher, distributor, etc. ،
Date of publication, distribution, etc. ۔۱۳۴۰
300 ## - PHYSICAL DESCRIPTION
Extent ص۔ ۷۵۰ ؛
Other physical details ۲۴ سم۔
650 0# - SUBJECT ADDED ENTRY--TOPICAL TERM
Topical term or geographic name as entry element Persian poetry
942 ## - ADDED ENTRY ELEMENTS (KOHA)
Source of classification or shelving scheme
Koha item type Books
Holdings
Price effective from Date last seen Permanent Location Not for loan Date acquired Source of classification or shelving scheme Koha item type Lost status Withdrawn status Copy number Source of acquisition Collection code Damaged status Shelving location Barcode Current Location Full call number
2017-11-192017-11-19Dhaka University Library 2017-11-19 Books  1purchasedNon Fiction General StacksA27515Dhaka University Library891.551 NAD
Last Updated on September 15, 2019
© Dhaka University Library. All Rights Reserved|Staff Login